书目信息 |
| 题名: |
土地承包及征地补偿案件的法律适用
|
|
| 作者: | 崔杰 著 | |
| 分册: | ||
| 出版信息: | 北京 人民法院出版社 2005.09 |
|
| 页数: | 500页 | |
| 开本: | 21cm | |
| 丛书名: | ||
| 单 册: | ||
| 中图分类: | D922.305 | |
| 科图分类: | ||
| 主题词: | 农村土地承包法--nong cun tu di cheng bao fa--法律适用--中国 , 土地征用--tu di zheng yong--补偿--法规--法律适用--中国 | |
| 电子资源: | ||
| ISBN: | 7-80217-108-3 | |
| 000 | 01087nam0 2200253 450 | |
| 001 | 012006077447 | |
| 005 | 20060921154241.26 | |
| 010 | @a7-80217-108-3@dCNY36.00 | |
| 100 | @a20060705d2005 km y0chiy0120 ea | |
| 101 | 0 | @achi |
| 102 | @aCN@b110000 | |
| 105 | @ay a 000yy | |
| 200 | 1 | @a土地承包及征地补偿案件的法律适用@Atu di cheng bao ji zheng di bu chang an jian de fa lu shi yong@f崔杰著@Fcui jie zhu |
| 210 | @a北京@c人民法院出版社@d2005.09 | |
| 215 | @a500页@d21cm | |
| 300 | @a根据《最高人民法院关于审理涉及农村土地承包纠纷案件适用法律问题的解释》编写 | |
| 320 | @a有书目 (第493-500页) | |
| 330 | @a本书就有关案件审判中遇到的一些农村土地承包经营及片地补偿问题进行了粗浅的探讨。试图抛砖引玉,引起法学理论界和审判实务界对农村土地承包及征地纠纷研究的兴趣,`以求对农村土地承包及征地补偿案件审判实务的发展。 | |
| 606 | 0 | @a农村土地承包法@Anong cun tu di cheng bao fa@x法律适用@y中国 |
| 606 | 0 | @a土地征用@Atu di zheng yong@x补偿@x法规@x法律适用@y中国 |
| 690 | @aD922.305@v4 | |
| 701 | 0 | @a崔杰@Acui jie@4著 |
| 801 | 0 | @aCN@bQSSK@c20060921 |
| 905 | @a10447@dD922.305@eC969 | |
| 土地承包及征地补偿案件的法律适用/崔杰著.-北京:人民法院出版社,2005.09 |
| 500页;21cm |
| 根据《最高人民法院关于审理涉及农村土地承包纠纷案件适用法律问题的解释》编写 |
| ISBN 7-80217-108-3:CNY36.00 |
| 本书就有关案件审判中遇到的一些农村土地承包经营及片地补偿问题进行了粗浅的探讨。试图抛砖引玉,引起法学理论界和审判实务界对农村土地承包及征地纠纷研究的兴趣,`以求对农村土地承包及征地补偿案件审判实务的发展。 |
| ● |
| 相关链接 |
|
|
|
正题名:土地承包及征地补偿案件的法律适用
索取号:D922.305/C969
 
预约/预借
| 序号 | 登录号 | 条形码 | 馆藏地/架位号 | 状态 | 备注 |
| 1 | 594380 | 205943808 | 测绘与城市空间信息学院资料室/ [索取号:D922.305/C969] | 在馆 | |
| 2 | 594381 | 205943817 | 社科库509/509社科库 89排3列4层/ [索取号:D922.305/C969] | 在馆 | |
| 3 | 594382 | 205943826 | 社科库509/509社科库 89排3列4层/ [索取号:D922.305/C969] | 在馆 |